000 00452cam a2200181 4500
001 D13486
008 090401t1935 xxu||||| |||| 00| 0 eng d
035 _a(Sirsi) u9998
041 _aeng
100 _aNapier, James J
245 4 _aThe law of valuation (Northern Ireland and Irish Free State)
260 _aBelfast
_bT H Jordan
_c1935
350 _a0
520 _aShelf 132
700 _aMcVeigh, Herbert A
942 _n0
948 _c04/03/1997
999 _c86692
_d86692